Прогнозирование работы установки получения олефинов при пониженном давлении; Проблемы геологии и освоения недр; Т. 2
| Parent link: | Проблемы геологии и освоения недр: труды XX Международного симпозиума имени академика М. А. Усова студентов и молодых ученых, посвященного 120-летию со дня основания Томского политехнического университета, Томск, 4-8 апреля 2016 г./ Национальный исследовательский Томский политехнический университет (ТПУ), Институт природных ресурсов (ИПР) ; Общество инженеров-нефтяников, международная некоммерческая организация, Студенческий чаптер ; под ред. А. Ю. Дмитриева.— , 2016 Т. 2.— 2016.— [С. 570-571] |
|---|---|
| 第一著者: | |
| 団体著者: | |
| その他の著者: | , |
| 要約: | Заглавие с экрана |
| 言語: | ロシア語 |
| 出版事項: |
2016
|
| シリーズ: | Современные технологии подготовки и переработки природных ресурсов Углеводородное сырье |
| 主題: | |
| オンライン・アクセス: | http://earchive.tpu.ru/handle/11683/32026 |
| フォーマット: | 電子媒体 図書の章 |
| KOHA link: | https://koha.lib.tpu.ru/cgi-bin/koha/opac-detail.pl?biblionumber=620028 |
MARC
| LEADER | 00000naa2a2200000 4500 | ||
|---|---|---|---|
| 001 | 620028 | ||
| 005 | 20231101133106.0 | ||
| 035 | |a (RuTPU)RU\TPU\conf\18497 | ||
| 035 | |a RU\TPU\conf\18493 | ||
| 090 | |a 620028 | ||
| 100 | |a 20160915d2016 k y0rusy50 ca | ||
| 101 | 0 | |a rus | |
| 102 | |a RU | ||
| 105 | |a y z 100zy | ||
| 135 | |a drgn ---uucaa | ||
| 181 | 0 | |a i | |
| 182 | 0 | |a b | |
| 200 | 1 | |a Прогнозирование работы установки получения олефинов при пониженном давлении |f К. О. Фефелова, В. В. Платонов |g науч. рук. Е. Н. Ивашкина | |
| 203 | |a Текст |c электронный | ||
| 225 | 1 | |a Современные технологии подготовки и переработки природных ресурсов | |
| 225 | 1 | |a Углеводородное сырье | |
| 230 | |a 1 компьютерный файл (pdf; 271 Kb) | ||
| 300 | |a Заглавие с экрана | ||
| 320 | |a [Библиогр.: с. 571 (1 назв.)] | ||
| 461 | 1 | |0 (RuTPU)RU\TPU\conf\17456 |t Проблемы геологии и освоения недр |o труды XX Международного симпозиума имени академика М. А. Усова студентов и молодых ученых, посвященного 120-летию со дня основания Томского политехнического университета, Томск, 4-8 апреля 2016 г. |o в 2 т. |f Национальный исследовательский Томский политехнический университет (ТПУ), Институт природных ресурсов (ИПР) ; Общество инженеров-нефтяников, международная некоммерческая организация, Студенческий чаптер ; под ред. А. Ю. Дмитриева |d 2016 | |
| 463 | 1 | |0 (RuTPU)RU\TPU\conf\17458 |t Т. 2 |v [С. 570-571] |d 2016 | |
| 610 | 1 | |a труды учёных ТПУ | |
| 610 | 1 | |a электронный ресурс | |
| 610 | 1 | |a прогнозирование | |
| 610 | 1 | |a установки | |
| 610 | 1 | |a олефины | |
| 610 | 1 | |a пониженное давление | |
| 610 | 1 | |a парафины | |
| 610 | 1 | |a линейные алкилбензолы | |
| 610 | 1 | |a синтетические моющие средства | |
| 700 | 1 | |a Фефелова |b К. О. | |
| 701 | 1 | |a Платонов |b В. В. | |
| 702 | 1 | |a Ивашкина |b Е. Н. |c химик-технолог |c доцент Томского политехнического университета, кандидат технических наук |f 1983- |g Елена Николаевна |2 stltpush |4 727 | |
| 712 | 0 | 2 | |a Национальный исследовательский Томский политехнический университет (ТПУ) |b Институт природных ресурсов (ИПР) |b Кафедра химической технологии топлива и химической кибернетики (ХТТ) |h 105 |2 stltpush |3 (RuTPU)RU\TPU\col\18665 |
| 801 | 2 | |a RU |b 63413507 |c 20160929 |g RCR | |
| 856 | 4 | |u http://earchive.tpu.ru/handle/11683/32026 | |
| 942 | |c BK | ||